ბათუმის შოთა რუსთაველის სახელმწიფო უნივერსიტეტის ბიბლიოთეკა

პროქესიული კავშირების საქმიანობასთან დაკავშირებული საქართველოს ნორმატიული აქტების კრებული. (ბიბ.ჩანაწერი № 35476)

000 -LEADER
fixed length control field 00702nam a2200181Ia 4500
001 - CONTROL NUMBER
control field 1335
003 - CONTROL NUMBER IDENTIFIER
control field GE_BSU
008 - FIXED-LENGTH DATA ELEMENTS--GENERAL INFORMATION
fixed length control field 181216s||||||||xx |||||||||||||| ||und||
040 ## - CATALOGING SOURCE
Transcribing agency GE_BSU
080 ## - UNIVERSAL DECIMAL CLASSIFICATION NUMBER
Universal Decimal Classification number 331.105.44(479.22)
245 ## - TITLE STATEMENT
Title პროქესიული კავშირების საქმიანობასთან დაკავშირებული საქართველოს ნორმატიული აქტების კრებული.
260 ## - PUBLICATION, DISTRIBUTION, ETC.
Place of publication, distribution, etc. თბილისი
260 ## - PUBLICATION, DISTRIBUTION, ETC.
Date of publication, distribution, etc. 1999
300 ## - PHYSICAL DESCRIPTION
Extent 251გვ. 19 სმ.
653 ## - INDEX TERM--UNCONTROLLED
Uncontrolled term ნორმატიული აქტების კრებული
942 ## - ADDED ENTRY ELEMENTS (KOHA)
Koha item type წიგნი
ეგზემპლარები
Withdrawn status Lost status Damaged status Not for loan Date acquired Barcode Date last seen Price effective from Koha item type Public note
        2018-12-17 2957 2018-12-17 2018-12-17 წიგნი დარბაზი